| 000 | 00582nam a2200205 i 4500 | ||
|---|---|---|---|
| 001 | bgj | ||
| 100 | 1 | _aHOLT, Sol. | |
| 245 | 1 | 0 |
_aThe New Exploring World History / _cSol Holt ; John R. O'Connor. |
| 260 |
_aNew York [etc.] : _bGlobe Book Company, Inc., _cc. 1977. |
||
| 300 |
_aXVI, 700 pp : _bill. ; _c25 cm. |
||
| 505 | _aIncludes index. | ||
| 650 | 9 | _aWorld history | |
| 700 | 1 |
_aO'CONNOR, John R. _d(1920- ). _eco-author |
|
| 020 | _a0870655426 | ||
| 040 | _cBPK | ||
| 041 | 0 | _aeng | |
| 920 | _a0-87065-542-6 | ||
| 942 | _cKS | ||
| 008 | s uk f |000 0 eng | ||
| 999 |
_c47867 _d47867 |
||